[Event "Quebec-ch U20"]
[Site "Montreal"]
[Date "1988.03.04"]
[Round "3"]
[White "Doucet, Maurice"]
[Black "St Pierre, Benoit"]
[Result "0-1"]
[WhiteElo "1718"]
[BlackElo "1968"]
[PlyCount "96"]
[EventDate "1988.03.03"]
[EventType "tourn"]
[EventRounds "7"]
[EventCountry "CAN"]
[SourceTitle "EXT 2022"]
[Source "ChessBase"]
[SourceDate "2021.10.06"]
[SourceVersion "1"]
[SourceVersionDate "2021.10.06"]
[SourceQuality "1"]

1. e4 e6 2. d4 d5 3. exd5 exd5 4. Bd3 Bd6 5. Nf3 Ne7 6. Nc3 a6 7. Ne2 Bg4 8. Ng3 h6 9. 0-0 c6 10. h3 Be6 11. Ne5 Nd7 12. Re1 Qc7 13. Nxd7 Qxd7 14. Qf3 g5 15. Nf5 Nxf5 16. Bxf5 0-0-0 17. Bxe6 fxe6 18. Qg4 Rde8 19. Bd2 Qf7 20. Re3 Bf4 21. Rf3 h5 22. Rxf4 Qxf4 23. Qxf4 gxf4 24. Bxf4 Rhg8 25. h4 Kd7 26. Re1 Ref8 27. Bg5 Rc8 28. c3 c5 29. dxc5 Rxc5 30. Re5 Rf8 31. Be3 Ra5 32. Rxh5 Rxa2 33. Rh7+ Kc6 34. b4 a5 35. bxa5 Rxa5 36. Bd4 Kd6 37. g4 Ra1+ 38. Kg2 Re1 39. Rh6 Re4 40. Kg3 b5 41. f3 Ref4 42. g5 Rxf3+ 43. Kg2 R3f5 44. g6 Rg8 45. g7 Ke7 46. Bc5+ Kf7 47. Bf8 Re5 48. h5 Re3 0-1

[Event "Quebec-ch U20"]
[Site "Montreal"]
[Date "1988.03.04"]
[Round "2"]
[White "Gagnon, Serge"]
[Black "Doucet, Maurice"]
[Result "0-1"]
[WhiteElo "1792"]
[BlackElo "1718"]
[PlyCount "42"]
[EventDate "1988.03.03"]
[EventType "tourn"]
[EventRounds "7"]
[EventCountry "CAN"]
[SourceTitle "EXT 2022"]
[Source "ChessBase"]
[SourceDate "2021.10.06"]
[SourceVersion "1"]
[SourceVersionDate "2021.10.06"]
[SourceQuality "1"]

1. d4 d5 2. c4 dxc4 3. e4 Nf6 4. Nc3 e6 5. Bxc4 a6 6. Bg5 Be7 7. Nf3 b5 8. Bd3 Bb7 9. Qc2 Nc6 10. Be3 Nb4 11. Qe2 Nxd3+ 12. Qxd3 b4 13. Na4 Bxe4 14. Qc4 0-0 15. Rc1 Bd5 16. Qc2 Qd7 17. b3 Bd6 18. Ne5 Qb5 19. f3 Nd7 20. Nc6 a5 21. Bf2 Ra6 0-1

[Event "Quebec-ch U20"]
[Site "Montreal"]
[Date "1988.03.03"]
[Round "1"]
[White "Doucet, Maurice"]
[Black "Lesiege, Alexandre"]
[Result "0-1"]
[WhiteElo "1718"]
[BlackElo "2094"]
[PlyCount "76"]
[EventDate "1988.03.03"]
[EventType "tourn"]
[EventRounds "7"]
[EventCountry "CAN"]
[SourceTitle "EXT 2022"]
[Source "ChessBase"]
[SourceDate "2021.10.06"]
[SourceVersion "1"]
[SourceVersionDate "2021.10.06"]
[SourceQuality "1"]

1. e4 e5 2. Nf3 Nc6 3. Bc4 Bc5 4. c3 Nf6 5. d3 d6 6. Bg5 0-0 7. a4 a5 8. 0-0 Qe7 9. Nbd2 Be6 10. Bxe6 Qxe6 11. Qb3 Bb6 12. Qxe6 fxe6 13. Nc4 Ba7 14. Be3 Bxe3 15. Nxe3 d5 16. Ng5 Nd8 17. exd5 exd5 18. f4 exf4 19. Rxf4 h6 20. Nh3 Ne6 21. Rf2 Rfe8 22. Nc2 Nc5 23. d4 Nd3 24. Rd2 Nxb2 25. Na3 Nc4 26. Nxc4 dxc4 27. Rb1 b6 28. Nf4 Re3 29. Rc1 g5 30. Nh3 Nd5 31. Rdc2 Rae8 32. Kf1 Rd3 33. Re2 Rxe2 34. Kxe2 Nxc3+ 35. Kf1 Nd5 36. Ng1 Rxd4 37. Nf3 Rf4 38. Ke2 c3 0-1